Adventures in holy matrimony : (Record no. 344635)
[ view plain ]
| 000 -LEADER | |
|---|---|
| fixed length control field | 00739nam a2200265Ia 4500 |
| 008 - FIXED-LENGTH DATA ELEMENTS--GENERAL INFORMATION | |
| fixed length control field | 171025s9999 xx 000 0 und d |
| 020 ## - INTERNATIONAL STANDARD BOOK NUMBER | |
| International Standard Book Number | 9780976035794 |
| 050 ## - LIBRARY OF CONGRESS CALL NUMBER | |
| Classification number | 173 |
| 050 ## - LIBRARY OF CONGRESS CALL NUMBER | |
| Item number | F451 2005 |
| 100 ## - MAIN ENTRY--PERSONAL NAME | |
| Personal name | Fidler, Julie Anne |
| 245 ## - TITLE STATEMENT | |
| Title | Adventures in holy matrimony : |
| 245 ## - TITLE STATEMENT | |
| Remainder of title | for better or the absolute worst / |
| 245 ## - TITLE STATEMENT | |
| Statement of responsibility, etc | by Julie Anne Fidler ; foreword by Shaunti Feldhahn. |
| 260 ## - PUBLICATION, DISTRIBUTION, ETC. (IMPRINT) | |
| Place of publication, distribution, etc | USA : |
| 260 ## - PUBLICATION, DISTRIBUTION, ETC. (IMPRINT) | |
| Name of publisher, distributor, etc | Relevant Books, |
| 260 ## - PUBLICATION, DISTRIBUTION, ETC. (IMPRINT) | |
| Date of publication, distribution, etc | 2005 |
| 300 ## - PHYSICAL DESCRIPTION | |
| Extent | xxiii, 135 pages : |
| 300 ## - PHYSICAL DESCRIPTION | |
| Other physical details | illustrations ; |
| 300 ## - PHYSICAL DESCRIPTION | |
| Dimensions | 21cm. |
| 500 ## - GENERAL NOTE | |
| General note | Includes bibliographic reference. |
| 650 ## - SUBJECT ADDED ENTRY--TOPICAL TERM | |
| Topical term or geographic name as entry element | Marriage -- |
| 650 ## - SUBJECT ADDED ENTRY--TOPICAL TERM | |
| General subdivision | Religious aspects -- Christianity. |
| 700 ## - ADDED ENTRY--PERSONAL NAME | |
| Personal name | Feldhahn, Shaunti. |
| 700 ## - ADDED ENTRY--PERSONAL NAME | |
| Personal name | Title. |
| Withdrawn status | Lost status | Damaged status | Home library | Current library | Date acquired | Total Checkouts | Full call number | Barcode | Date last seen | Price effective from | Koha item type |
|---|---|---|---|---|---|---|---|---|---|---|---|
| Stonyhurst Southville International School (Malarayat) | Stonyhurst Southville International School (Malarayat) | 10/25/2017 | NF 173 F451 2005 | SSISM3688 | 10/25/2017 | 10/25/2017 | Books |